LIBRARY & INFORMATION CENTRE, KCAET, TAVANUR

ONLINE PUBLIC ACCESS CATALOGUE (OPAC)

Design development and testing of an automatic drip irrigation system (Record no. 15351)

MARC details
000 -LEADER
fixed length control field 00507nam a22001697a 4500
082 ## - DEWEY DECIMAL CLASSIFICATION NUMBER
Classification number 631.7
Item number ANI/DE
100 ## - MAIN ENTRY--AUTHOR NAME
Personal name ANITHA, P. P
245 ## - TITLE STATEMENT
Title Design development and testing of an automatic drip irrigation system
260 ## - PUBLICATION, DISTRIBUTION, ETC. (IMPRINT)
Place of publication Tavanur
Name of publisher Kelappaji College of Agricultural Engineering and Technology
Year of publication 1990
300 ## - PHYSICAL DESCRIPTION
Number of Pages 91
500 ## - GENERAL NOTE
General note project report
520 ## - SUMMARY, ETC.
Summary, etc project report
650 ## - SUBJECT ADDED ENTRY--TOPICAL TERM
Topical Term project report
700 ## - ADDED ENTRY--PERSONAL NAME
Personal name Mohamad Aslam, C
700 ## - ADDED ENTRY--PERSONAL NAME
Personal name Rema, K. P
942 ## - ADDED ENTRY ELEMENTS (KOHA)
Koha item type Project Report
Holdings
Withdrawn status Lost status Damaged status Home library Current library Date acquired Full call number Accession Number Koha item type
      KAUAET KAUAET 03/03/2018 631.7 ANI/DE 16883 Project Report
free website counter